Six Closest Countries - San Marino - Statistics

General Stats
  • This quiz has been taken 112 times
  • The average score is 4 of 6
Answer Stats
km country miles % Correct
0 Italy 0
99%
221 Vatican City 137
88%
186 Slovenia 115
72%
141 Croatia 87
63%
259 France 161
52%
271 Bosnia and Herzegovina 169
39%
No matching quizzes found
Score Distribution
Percent of People with Each Score
Percentile by Number Answered
Your Score History
You have not taken this quiz